[Event "BEL-ch U20"]
[Site "Blankenberge"]
[Date "2014.04.16"]
[Round "5"]
[White "Demey, Robbe"]
[Black "Van Laeken, Jonathan"]
[Result "1/2-1/2"]
[WhiteElo "1766"]
[BlackElo "1809"]
[PlyCount "38"]
[EventDate "2014.04.??"]
[EventType "swiss"]
[EventRounds "9"]
[EventCountry "BEL"]
[SourceTitle "EXT 2015"]
[Source "ChessBase"]
[SourceDate "2014.11.20"]
[SourceVersion "1"]
[SourceVersionDate "2014.11.20"]
[SourceQuality "1"]

1. d4 Nf6 2. Bf4 g6 3. Nc3 d5 4. Nf3 Bg7 5. e3 0-0 6. Be2 c6 7. Ne5 Nbd7 8. h4 Ne4 9. Nxe4 dxe4 10. Nxd7 Bxd7 11. h5 Qb6 12. Qc1 c5 13. c3 cxd4 14. exd4 Rac8 15. Qd2 Bb5 16. Bxb5 Qxb5 17. hxg6 fxg6 18. Bg3 e5 19. dxe5 Bxe5 1/2-1/2